A history of israeli-palestinian conflict
Đã lưu trong:
| Tác giả chính: | |
|---|---|
| Định dạng: | Sách |
| Ngôn ngữ: | Tiếng Anh |
| Được phát hành: |
Bloomington
Indiana University Press
1994
|
| Phiên bản: | 1a. ed |
| Loạt: | Indiana Series in Arab and Islamic Studies
|
| Những chủ đề: | |
| Các nhãn: |
Thêm thẻ
Không có thẻ, Là người đầu tiên thẻ bản ghi này!
|
MARC
| LEADER | 00000cam a2200000 a 4500 | ||
|---|---|---|---|
| 001 | UCC7287 | ||
| 003 | CL-VaPUC | ||
| 008 | 190322e19940000us |||||||||||||||||eng|d | ||
| 020 | |a 0253208734 | ||
| 082 | 0 | 4 | |a 956.054 |b TES |2 21 |
| 100 | 0 | |a Tessler, Mark |e author |9 601828 | |
| 245 | 1 | 2 | |a A history of israeli-palestinian conflict |
| 250 | |a 1a. ed | ||
| 300 | |a 906 p | ||
| 942 | |c BK | ||
| 945 | |d 20190322 14:57:00 |a dcastane | ||
| 260 | |a Bloomington |b Indiana University Press |c 1994 | ||
| 600 | 0 | 7 | |a PALESTINA |2 CL-VaPUC |9 561414 |
| 600 | 0 | 7 | |a ISRAEL |2 CL-VaPUC |9 561413 |
| 650 | 7 | |a CONFLICTO ARABE-ISRAELI |2 CL-VaPUC |9 486821 | |
| 583 | |a last modification |c 20190322 14:57:00 |k Rodrigo Vera | ||
| 490 | 0 | |a Indiana Series in Arab and Islamic Studies | |
| 999 | |c 373971 |d 373969 | ||
| 952 | |0 0 |1 0 |3 erb |4 0 |6 956_054000000000000_TES_1994 |7 0 |8 A |9 492309 |a BIBHIS |b BIBHIS |i 5537878 |o 956.054 TES 1994 |p 5537878 |r 2025-01-20 |w 2019-11-24 |y BK |z Catalogado en:20190322 |k HIS | ||